Click Quick Rhymes Quiz Stats

Quiz Updated Oct 20, 2014

Challenge
Share
Tweet
Embed
Score 0/129 Timer 06:00
2 Plays Today
% Correct
Bile
93.6%
Pile
93.2%
File
93.1%
Tile
93%
Vile
92.8%
Mile
92.7%
While
92.3%
Life
91.9%
Dial
91.9%
Rile
91.5%
Wife
91.5%
Isle
91.3%
Waste
91.2%
Coast
91.1%
Vial
90.5%
Boast
90.2%
Stile
90.2%
Baste
89.7%
Toast
89.7%
Wile
89.3%
Ghost
88.7%
Fault
88.4%
Raced
88.1%
Roast
88%
Guile
87.8%
Aisle
87.8%
Fife
87.6%
Paste
87.6%
Graced
87.6%
Malt
87.5%
Chased
87.3%
Paced
87.3%
Spile
87.1%
Spaced
87%
Chaste
86.9%
Oast
86.7%
Taste
86.6%
Most
86.6%
Faced
86.6%
Post
86.6%
Style
86.6%
Placed
86.6%
Waist
86.5%
% Correct
Vault
86.3%
Trial
86.1%
Halt
86.1%
Based
86%
Cased
86%
Rife
85.6%
Laced
85.2%
Dome
84.1%
Traced
84%
Strife
84%
Braced
83.2%
Roam
82%
Gnome
81.6%
Home
81.3%
Comb
80.2%
Chrome
79.9%
Brim
79.8%
Aced
79.8%
Loam
79.5%
Pome
79.1%
Limb
78.6%
Him
78.4%
Shim
78%
Slim
78%
Dim
77.9%
Whim
77.9%
Brome
77.8%
Skim
77.7%
Vim
77.4%
Foam
77.3%
Limn
77.2%
Rim
77.1%
Grim
75.4%
Prim
75.4%
Hymn
73.8%
Swim
73.5%
Scrim
73.3%
Bland
69.3%
Band
69.2%
Banned
69.1%
Brand
68.7%
Gland
68%
Canned
67.4%
% Correct
Grand
67.1%
Gym
67%
Land
66.7%
Fanned
66.5%
Planned
66.4%
Scanned
66.2%
Panned
66.1%
Manned
65.5%
Rand
65.1%
Spanned
65.1%
Strand
64%
Tanned
63.9%
Hand
63.2%
And
63.2%
Bent
58.2%
Dent
56.3%
Pent
55%
Gent
54.9%
Scent
54.5%
Tent
54.5%
Sent
54.2%
Went
53.9%
Rent
53.7%
Vent
53.2%
Spent
52.8%
Leant
51.4%
Meant
49.4%
Brisk
48%
Disk
47.8%
Frisk
47.2%
Whisk
46.6%
Bisque
45.6%
Disc
44.9%
Ant
43.5%
Cant
41.7%
Brant
41.4%
Aunt
41.3%
Chant
41.1%
Plant
40.1%
Scant
40.1%
Rant
39.9%
Grant
39.6%
Slant
39.1%

You're not logged in!

Compare scores with friends on all Sporcle quizzes.
Sign Up with Email
OR
Log In

You Might Also Like...

Show Comments

Extras

Top Quizzes Today


Score Distribution

Your Account Isn't Verified!

In order to create a playlist on Sporcle, you need to verify the email address you used during registration. Go to your Sporcle Settings to finish the process.